[Event "Pays de Loire-chT"]
[Site "Cholet"]
[Date "2009.??.??"]
[Round "1"]
[White "Cordel, Yann"]
[Black "Morvan, Franck"]
[Result "1-0"]
[WhiteElo "1810"]
[BlackElo "1480"]
[PlyCount "59"]
[EventDate "2009.06.??"]
[EventType "team-tourn"]
[EventRounds "6"]
[EventCountry "FRA"]
[SourceTitle "EXT 2010"]
[Source "ChessBase"]
[SourceDate "2010.11.25"]
[SourceVersion "1"]
[SourceVersionDate "2010.11.25"]
[SourceQuality "1"]

1. e4 e5 2. Nf3 Nc6 3. Bb5 Nf6 4. 0-0 Be7 5. Re1 d6 6. h3 0-0 7. d3 a6 8. Ba4 b5 9. Bb3 Na5 10. Nbd2 Nxb3 11. axb3 Nh5 12. Nf1 Bf6 13. Nxe5 Bxe5 14. Qxh5 Qf6 15. c3 c5 16. Ne3 Be6 17. Ng4 Bxg4 18. Qxg4 Qg6 19. f4 Qxg4 20. hxg4 Bf6 21. g5 Bd8 22. g4 a5 23. Be3 Bb6 24. Kg2 a4 25. b4 Ra6 26. bxc5 dxc5 27. d4 cxd4 28. Bxd4 Rd8 29. Red1 Ba7 30. Bxa7 1-0

[Event "Pays de Loire-chT"]
[Site "Cholet"]
[Date "2009.??.??"]
[Round "4"]
[White "Secher, Pierre"]
[Black "Morvan, Franck"]
[Result "1-0"]
[WhiteElo "1660"]
[BlackElo "1480"]
[PlyCount "77"]
[EventDate "2009.06.??"]
[EventType "team-tourn"]
[EventRounds "6"]
[EventCountry "FRA"]
[SourceTitle "EXT 2010"]
[Source "ChessBase"]
[SourceDate "2010.11.25"]
[SourceVersion "1"]
[SourceVersionDate "2010.11.25"]
[SourceQuality "1"]

1. e4 e5 2. Nf3 Nc6 3. Bc4 Bc5 4. c3 Nf6 5. d4 exd4 6. cxd4 Bb4+ 7. Nc3 Nxe4 8. Qd3 d5 9. 0-0 Bxc3 10. bxc3 Bf5 11. Bb5 0-0 12. Ne5 Nxe5 13. dxe5 c6 14. Ba4 Re8 15. Bf4 Qd7 16. Qd4 Re6 17. f3 Nxc3 18. Qxc3 Rg6 19. Bc2 Bxc2 20. Qxc2 Rc8 21. Qf2 d4 22. Bd2 c5 23. f4 c4 24. f5 Rgc6 25. Rfd1 b6 26. Bc3 d3 27. Rd2 Rc5 28. Qg3 Qxf5 29. e6 g6 30. e7 Re8 31. Re1 Qd7 32. Re5 Rxe5 33. Qxe5 f6 34. Qxf6 Rxe7 35. Qh8+ Kf7 36. Qxh7+ Kf8 37. Bb4 c3 38. Rf2+ Ke8 39. Qg8# 1-0